| 000 | 00651nas a22001817a 4500 | ||
|---|---|---|---|
| 003 | NALT | ||
| 005 | 20201224134528.0 | ||
| 008 | 201224b th ||||| |||| 00| 0 tha d | ||
| 022 | _a22291105 (Online) | ||
| 040 | _aNALT | ||
| 041 | _atha | ||
| 245 | _aวารสารวิชาการ คณะนิติศาสตร์ มหาวิทยาลัยหอการค้าไทย | ||
| 500 | _aวารสารอิเล็กทรอนิกส์ | ||
| 850 | _aNALT | ||
| 856 | _uhttp://utcc2.utcc.ac.th/lawjournal/journal.php | ||
| 942 |
_cJNR _2lcc |
||
| 998 |
_a่jintana _j755 _k จินตนา เอี่ยมคง |
||
| 999 |
_c97868 _d97868 |
||